[Event "Aeroflot Open"]
[Site "Moscow RUS"]
[Date "2016.03.07"]
[EventDate "2016.03.01"]
[Round "7.41"]
[Result "1-0"]
[White "Aleksandra Goryachkina"]
[Black "Alireza Firouzja"]
[WhiteElo "2509"]
[BlackElo "2475"]
[PlyCount "105"]

1. d4 Nf6 2. Nf3 g6 3. Bg5 Bg7 4. c3 O-O 5. Nbd2 d6 6. e3 Nbd7
7. Bd3 e5 8. O-O Re8 9. e4 c6 10. Re1 Qc7 11. h3 Nf8 12. dxe5
dxe5 13. a4 b6 14. Be3 Ne6 15. b4 Bb7 16. Qc2 Nd7 17. a5 b5
18. a6 Bc8 19. Ra2 Nb6 20. c4 bxc4 21. Nxc4 Nd4 22. Nxd4 exd4
23. Bd2 Be6 24. Ra3 Rac8 25. Na5 Bf8 26. Nb7 Nd7 27. Ra5 c5
28. bxc5 Nxc5 29. Nxc5 Bxc5 30. Rc1 Bb6 31. Qxc7 Rxc7 32. Rxc7
Bxc7 33. Rb5 Bb6 34. Ba5 Bxa5 35. Rxa5 Rc8 36. Kf1 Kf8 37. Ra4
Rd8 38. Rb4 Rd7 39. Rb7 Re7 40. f4 Bc8 41. Rb4 Re6 42. Rb8 Rc6
43. Bb5 Rc1+ 44. Ke2 Ke7 45. Kd3 Kd8 46. Ra8 Kc7 47. Bc4 f5
48. e5 Rd1+ 49. Kc2 Rg1 50. Rxa7+ Kb6 51. Ra8 Rxg2+ 52. Kd3
Kc7 53. e6 1-0